| 000 | 00491nam a22001697a 4500 | ||
|---|---|---|---|
| 999 |
_c40747 _d40747 |
||
| 003 | OSt | ||
| 005 | 20260324121458.0 | ||
| 008 | 191101b ||||| |||| 00| 0 eng d | ||
| 020 | _a9788192724614 | ||
| 040 | _cMESKC library | ||
| 082 |
_a891.733 _bGOR/M |
||
| 100 | 1 |
_aGorky, Maksim, _d1868-1936 _942 |
|
| 245 |
_aMaa = Mother / _cMaksim Gorky |
||
| 260 |
_aNew Delhi : _bAvanthika Books, _c2013 |
||
| 300 | _a387p | ||
| 942 |
_2ddc _cBK _h891.733 _iGOR/M _k891.733 _mGOR/M |
||